LEADER 01313nam a2200277 i 4500 001 000000151498 003 CaOOAMICUS 005 20211201095440.0 008 060703s2006 it u000 u ita u 013 $a128836 020 $a88-8333-116-8 040 $aSeMil$bita 100 1 $aGarcía Ibáñez, Ángel.$0(OLS)http://semarc/name/59529 245 12$aL'Eucaristia, dono e mistero :$btrattato storico-dogmatico sul mistero eucaristico /$cÁngel García Ibánez. 260 $aRoma :$bEd. Università della Santa Croce,$c2006. 300 $a692 p. ;$c24 cm. 490 1 $aSussidi di teologia 650 4$aEucaristia - Storia.$0(OLS)http://semarc/subject/89 650 4$aEucaristia - Storia delle dottrine.$0(OLS)http://semarc/subject/2896 830 0$aSussidi di teologia / Facoltà di teologia della Pontificia Università della Santa Croce.$0(OLS)http://semarc/title/5920 850 $aSeMil 852 $aSeMil$W1$xVenegono$y1$m2HA I 6$j230345$B103525$CSeMilBibl$Z2$F112708 $81 996 $6020$a88-8333-116-8$9(OLS)http://semarc/number/141086 996 $6245$aL'Eucaristia, dono e mistero :$btrattato storico-dogmatico sul mistero eucaristico$9(OLS)http://semarc/title/221390 996 $6260$aRoma :$bEd. Università della Santa Croce$9(OLS)http://semarc/publisher/43470 LEADER 00732nam a2200205 i 4500 001 000000042240 003 CaOOAMICUS 005 20150504000000.0 008 150504s1771 xx u000 u fre u 013 $a13410 026 $a47n- leea e-ec prcr (3) 1771 (R) 040 $aSeMil$bita 245 10$aTome 1. 300 $aiv, 486, [2] p. 500 $aSegn. : pg2 A-V12 X4. 773 0 $aClément, Denis Xavier$tSermons de M. l'abbe Clément. Mysteres. Tome 1. [-2.].$dA Paris : Chez la Veuve Desaint, rue du Foin S. Jacques, 1771.$g1$w()31822 850 $aSeMil 852 $aSeMil$W1$xVenegono$y1$m3F I 114 FA$j8395$B8395$CSeMilBibl$Z2$F8395 $8I 961 $aRecupero: Deposito 996 $6245$aTome 1$9(OLS)http://semarc/title/1447 LEADER 00874nam a2200217 i 4500 001 000000179337 003 CaOOAMICUS 005 20090509000000.0 008 090509s1980 fr u000 u fre u 013 $a156913 040 $aSeMil$bita 100 1 $aContamine, Philippe.$0(OLS)http://semarc/name/57494 245 13$aLa guerre au moyen age /$cPhilippe Contamine. 260 $aParis :$bPresses Universitaires de France,$c1980. 300 $a516 p. :$bill. ;$c19 cm. 490 0 $aNouvelle Clio : l'Histoire et ses problèmes ;$v24 830 0$aNouvelle Clio ;$v24.$0(OLS)http://semarc/title/15973 850 $aSeMil 852 $aSeMil$W1$xVenegono$y1$m3B I 152$j130100$B130100$CSeMilBibl$Z2$F141596 $81 996 $6245$aLa guerre au moyen age$9(OLS)http://semarc/title/257505 996 $6260$aParis :$bPresses Universitaires de France$9(OLS)http://semarc/publisher/30047